England's Commercial Aiports by Code - Statistics

General Stats
  • This quiz has been taken 22 times
  • The average score is 14 of 21
Answer Stats
Hint Answer % Correct
MAN Manchester Airport
95%
LPL Liverpool John Lennon Airport
91%
LTN Luton Airport
91%
NCL Newcastle International Airport
91%
SOU Southampton Airport
91%
EXT Exeter Airport
86%
LGW Gatwick Airport
86%
LHR Heathrow Airport
86%
BHX Birmingham Airport
82%
LCY London City Airport
82%
BRS Bristol Airport
73%
LBA Leeds Bradford Airport
73%
STN Stansted Airport
73%
NQY Cornwall Airport Newquay
64%
EMA East Midlands Airport
64%
NWI Norwich Airport
59%
SEN London Southend Airport
55%
HUY Humberside Airport
41%
MME Teesside International Airport
27%
LEQ Land's End Airport
18%
ISC St Mary's Airport
14%
No matching quizzes found
Score Distribution
Percent of People with Each Score
Percentile by Number Answered
Your Score History
You have not taken this quiz